000 00923nas a2200277 4500
001 BR0200647
003 BR-BrBNA
005 20231205102739.0
007 ta
008 230509b bl.|||p| |||| 00| 00por d
040 _aBR-BrBNA
_bpor
_cBiblioteca Nacional de Agricultura
041 _a(Pt)
072 _aL53; L10
100 1 _aHermanny, A.
100 1 _aMelo, M.I.V.
100 1 _aFraga Filho, M.P.
111 1 _a14. Congresso Brasileiro de Reprodução Animal
_cBelo Horizonte, MG (Brazil)
_d1-5 Aug 2001
245 1 _aEfeito da concentração espermática sobre a taxa de fertilidade em novilhas
650 _aNOVILHO
650 _aFERTILIDADE
650 _aESPERMA
650 _aINSEMINAÇÃO ARTIFICIAL
773 0 _tRevista Brasileira de Reprodução Animal (Brazil)
_xISSN 0102-0803
_g(Jul-Sep 2001), v. 25(3) p. 389-390
_wBR0200647
909 _a202311
_bLúcia
_c55
_dLúcia Elande
942 _2AGRIS
_n0
_cANA
999 _c169121
_d169121